[Event "43. Olimpiada Batumi 2018 Femenina"]
[Site "Batumi GEO"]
[Date "2018.09.27"]
[Round "4.3"]
[White "Cvitan, Ena"]
[Black "Batyte, Daiva"]
[Result "0-1"]
[WhiteElo "2009"]
[BlackElo "2172"]
[PlyCount "90"]
[EventDate "2018.09.24"]
[EventType "team-swiss"]
[EventRounds "11"]
[EventCountry "GEO"]
[SourceTitle "Ajedrez en Madrid"]
[Source "lmi"]
[SourceDate "2018.09.24"]
[WhiteTeam "Croatia"]
[BlackTeam "Lithuania"]
[WhiteTeamCountry "CRO"]
[BlackTeamCountry "LTU"]

1. d4 Nf6 2. Nf3 g6 3. c4 Bg7 4. Nc3 d6 5. e4 O-O 6. h3 e5 7. d5 a5 8. g4 Na6
9. Be3 Nc5 10. Nd2 Nfd7 11. h4 Nf6 12. Be2 Qd7 13. Rg1 Ne8 14. Qc2 Qe7 15. g5
f5 16. gxf6 Nxf6 17. O-O-O Kf7 18. Rg2 Bd7 19. Rdg1 Rg8 20. h5 Nxh5 21. Bxh5
gxh5 22. Qd1 Bg4 23. f3 Bd7 24. Bg5 Bf6 25. f4 Bg4 26. Qf1 Bxg5 27. fxg5+ Kg7
28. Rxg4 hxg4 29. Rxg4 Raf8 30. Qh3 Rf4 31. Nf3 Rxg4 32. Qxg4 Qf7 33. Ne2 Nd3+
34. Kb1 Nf2 35. Qg2 Nxe4 36. Nh4 Nd2+ 37. Kc2 Nxc4 38. Qe4 Nb6 39. Ng3 Qf2+ 40.
Kb1 Qg1+ 41. Kc2 Qc5+ 42. Kb1 Qxd5 43. Qe2 Kf8 44. Ne4 Qf7 45. Qg4 Qf4 0-1

[Event "43. Olimpiada Batumi 2018 Femenina"]
[Site "Batumi GEO"]
[Date "2018.09.27"]
[Round "4.4"]
[White "Perminaite, Guoda"]
[Black "Ivekovic, Ana"]
[Result "1-0"]
[WhiteElo "1840"]
[BlackElo "2118"]
[PlyCount "71"]
[EventDate "2018.09.24"]
[EventType "team-swiss"]
[EventRounds "11"]
[EventCountry "GEO"]
[SourceTitle "Ajedrez en Madrid"]
[Source "lmi"]
[SourceDate "2018.09.24"]
[WhiteTeam "Lithuania"]
[BlackTeam "Croatia"]
[WhiteTeamCountry "LTU"]
[BlackTeamCountry "CRO"]

1. e4 e5 2. Nf3 Nc6 3. Bb5 a6 4. Ba4 Nf6 5. O-O Be7 6. d3 d6 7. c3 b5 8. Bb3
O-O 9. Re1 Na5 10. Bc2 c5 11. Nbd2 Nc6 12. Nf1 Re8 13. Ng3 Bf8 14. h3 g6 15.
Be3 Qc7 16. d4 Nd8 17. Rc1 Ne6 18. Qd2 Nd7 19. d5 Ng7 20. Nh2 Nb6 21. b3 f5 22.
f4 Qf7 23. Nf3 Kh8 24. Rcd1 Bb7 25. Ng5 Qf6 26. Rf1 h6 27. Nf3 exf4 28. Bxf4 g5
29. Nxg5 hxg5 30. Bxg5 Qf7 31. Nxf5 Nxf5 32. Rxf5 Qd7 33. Bf6+ Kg8 34. Rg5+ Kf7
35. Qf4 Re7 36. Bg7+ 1-0

[Event "43. Olimpiada Batumi 2018 Femenina"]
[Site "Batumi GEO"]
[Date "2018.09.27"]
[Round "4.1"]
[White "Ortez, Andrea"]
[Black "Houska, Jovanka"]
[Result "0-1"]
[WhiteElo "1772"]
[BlackElo "2402"]
[PlyCount "70"]
[EventDate "2018.09.24"]
[EventType "team-swiss"]
[EventRounds "11"]
[EventCountry "GEO"]
[SourceTitle "Ajedrez en Madrid"]
[Source "lmi"]
[SourceDate "2018.09.24"]
[WhiteTeam "El Salvador"]
[BlackTeam "England"]
[WhiteTeamCountry "ESA"]
[BlackTeamCountry "ENG"]

1. e4 c6 2. c4 d5 3. exd5 cxd5 4. cxd5 Nf6 5. Nc3 Nxd5 6. Nf3 e6 7. Bc4 Nxc3 8.
bxc3 Be7 9. d4 O-O 10. O-O Nc6 11. Bf4 b6 12. Qe2 Na5 13. Bd3 Bb7 14. Rfd1 Rc8
15. Rac1 Bf6 16. Ne5 Qd5 17. f3 Qd8 18. Bg3 Qe7 19. f4 g6 20. Ng4 Bg7 21. f5
gxf5 22. Bxf5 h5 23. Nf2 h4 24. Bf4 Qf6 25. Be4 Qxf4 26. Bxb7 Nxb7 27. Nh3 Qh6
28. Kh1 Nd6 29. Rf1 Rfd8 30. Qf3 Bxd4 31. Nf4 Bg7 32. Ne2 Nf5 33. Nf4 Rc4 34.
Ne2 Qe3 35. Qxe3 Nxe3 0-1

[Event "43. Olimpiada Batumi 2018 Femenina"]
[Site "Batumi GEO"]
[Date "2018.09.27"]
[Round "4.2"]
[White "Kalaiyalahan, Akshaya"]
[Black "Santos, Judith"]
[Result "1-0"]
[WhiteElo "2253"]
[BlackElo "1702"]
[PlyCount "119"]
[EventDate "2018.09.24"]
[EventType "team-swiss"]
[EventRounds "11"]
[EventCountry "GEO"]
[SourceTitle "Ajedrez en Madrid"]
[Source "lmi"]
[SourceDate "2018.09.24"]
[WhiteTeam "England"]
[BlackTeam "El Salvador"]
[WhiteTeamCountry "ENG"]
[BlackTeamCountry "ESA"]

1. d4 d5 2. Nf3 e6 3. g3 Nf6 4. Bg2 Be7 5. c4 O-O 6. O-O dxc4 7. Qc2 b6 8. Ne5
Qxd4 9. Bxa8 Qxe5 10. Bf4 Qc5 11. Bg2 Nd5 12. Bd2 Bf6 13. Nc3 Nxc3 14. Bxc3 Nd7
15. Bxf6 Nxf6 16. b3 Ba6 17. Rfc1 Ng4 18. e3 Ne5 19. bxc4 Bxc4 20. Qd2 b5 21.
Rc3 Qe7 22. Qd4 Qd6 23. Qxa7 Qd2 24. Rcc1 Nd3 25. Rf1 Nb2 26. Rfb1 Nd3 27. Rf1
Nb2 28. Rfb1 Nd3 29. e4 c5 30. Rf1 b4 31. Qd7 Qe2 32. Qa4 Ne5 33. Qd1 Qb2 34.
Qc1 Qd4 35. Rd1 Nd3 36. Qe3 Rd8 37. Qxd4 Rxd4 38. Bf1 Kf8 39. Rd2 Ba6 40. Rad1
c4 41. Bxd3 cxd3 42. f3 Ke7 43. Rc1 Kd7 44. Kf2 e5 45. Rc5 Kd6 46. Ra5 Bc4 47.
Ke3 b3 48. axb3 Bxb3 49. Rxd3 Rxd3+ 50. Kxd3 g6 51. g4 h6 52. Ra8 Ke6 53. Rh8
Kf6 54. Rxh6 Kg5 55. Rh8 Kf4 56. Ke2 f5 57. gxf5 gxf5 58. Rf8 Be6 59. exf5 Bxf5
60. h4 1-0

[Event "43. Olimpiada Batumi 2018 Femenina"]
[Site "Batumi GEO"]
[Date "2018.09.27"]
[Round "4.3"]
[White "Zavala Galindo, Alejandra Beatri"]
[Black "Ciuksyte, Dagne"]
[Result "0-1"]
[WhiteElo "1713"]
[BlackElo "2308"]
[PlyCount "78"]
[EventDate "2018.09.24"]
[EventType "team-swiss"]
[EventRounds "11"]
[EventCountry "GEO"]
[SourceTitle "Ajedrez en Madrid"]
[Source "lmi"]
[SourceDate "2018.09.24"]
[WhiteTeam "El Salvador"]
[BlackTeam "England"]
[WhiteTeamCountry "ESA"]
[BlackTeamCountry "ENG"]

1. e4 e6 2. d3 d5 3. Nd2 Nf6 4. Ngf3 Bc5 5. e5 Nfd7 6. d4 Be7 7. Bd3 c5 8. c3
Nc6 9. O-O g5 10. Bb5 Qb6 11. Qa4 g4 12. dxc5 Bxc5 13. Ne1 Ndxe5 14. Nb3 Bd6
15. Be3 Qc7 16. Bc5 Bd7 17. Bxd6 Qxd6 18. Nd4 Ke7 19. Nec2 Rhg8 20. Rae1 Rg5
21. Re3 Nc4 22. Re2 a6 23. Nxc6+ Bxc6 24. Bxc6 bxc6 25. b3 Ne5 26. Kh1 Rag8 27.
Nd4 c5 28. Rxe5 Rxe5 29. Nc6+ Kf8 30. Nxe5 Qxe5 31. Qxa6 Qxc3 32. Qb6 Rg6 33.
a4 Kg7 34. a5 e5 35. Qb5 e4 36. a6 Qd3 37. Qxd3 exd3 38. Rd1 Rxa6 39. g3 c4 0-1

[Event "43. Olimpiada Batumi 2018 Femenina"]
[Site "Batumi GEO"]
[Date "2018.09.27"]
[Round "4.4"]
[White "Maroroa, Sue"]
[Black "Garcia Mendez, Alcira Guadalupe"]
[Result "1-0"]
[WhiteElo "2112"]
[BlackElo "1741"]
[PlyCount "49"]
[EventDate "2018.09.24"]
[EventType "team-swiss"]
[EventRounds "11"]
[EventCountry "GEO"]
[SourceTitle "Ajedrez en Madrid"]
[Source "lmi"]
[SourceDate "2018.09.24"]
[WhiteTeam "England"]
[BlackTeam "El Salvador"]
[WhiteTeamCountry "ENG"]
[BlackTeamCountry "ESA"]

1. e4 e5 2. Nf3 Nc6 3. d4 exd4 4. Nxd4 Bb4+ 5. c3 Bc5 6. Be3 Qf6 7. Be2 d6 8.
O-O Bb6 9. Na3 Nge7 10. Nc4 O-O 11. Nxb6 axb6 12. Nb5 Ra5 13. Nxc7 Qg6 14. b4
Bh3 15. Bf3 Rh5 16. Kh1 Ne5 17. gxh3 Rxh3 18. Bg2 Rxh2+ 19. Kxh2 Ng4+ 20. Kg1
Qh5 21. Qxd6 f5 22. exf5 Rxf5 23. Qd8+ Rf8 24. Bd5+ Nxd5 25. Qxd5+ 1-0

[Event "43. Olimpiada Batumi 2018 Femenina"]
[Site "Batumi GEO"]
[Date "2018.09.27"]
[Round "4.1"]
[White "Nouman, Amna"]
[Black "Berzina, Ilze"]
[Result "0-1"]
[WhiteElo "1909"]
[BlackElo "2218"]
[PlyCount "68"]
[EventDate "2018.09.24"]
[EventType "team-swiss"]
[EventRounds "11"]
[EventCountry "GEO"]
[SourceTitle "Ajedrez en Madrid"]
[Source "lmi"]
[SourceDate "2018.09.24"]
[WhiteTeam "United Arab Emirates"]
[BlackTeam "Latvia"]
[WhiteTeamCountry "UAE"]
[BlackTeamCountry "LAT"]

1. e4 c6 2. d4 d5 3. exd5 cxd5 4. c4 Nf6 5. Nc3 Nc6 6. Bg5 Bg4 7. Qa4 e6 8. c5
Be7 9. Bb5 O-O 10. h3 Bh5 11. Nge2 Bg6 12. O-O h6 13. Bf4 Qd7 14. Rad1 Rac8 15.
b4 a6 16. Bd3 Bxd3 17. Rxd3 Ne4 18. b5 axb5 19. Qxb5 Ra8 20. Rb1 Ra7 21. Na4
Bh4 22. g3 Bd8 23. g4 f5 24. f3 Ng5 25. Bd6 Rf7 26. Kg2 fxg4 27. hxg4 Bc7 28.
Bxc7 Qxc7 29. Nac3 Ra8 30. Ng1 Raf8 31. Nce2 e5 32. dxe5 Nxe5 33. Rdb3 Nexf3
34. Qxb7 Qh2+ 0-1

[Event "43. Olimpiada Batumi 2018 Femenina"]
[Site "Batumi GEO"]
[Date "2018.09.27"]
[Round "4.2"]
[White "Otikova, Elina"]
[Black "Almaini, Aishah Sarhan"]
[Result "1-0"]
[WhiteElo "2123"]
[BlackElo "1490"]
[PlyCount "59"]
[EventDate "2018.09.24"]
[EventType "team-swiss"]
[EventRounds "11"]
[EventCountry "GEO"]
[SourceTitle "Ajedrez en Madrid"]
[Source "lmi"]
[SourceDate "2018.09.24"]
[WhiteTeam "Latvia"]
[BlackTeam "United Arab Emirates"]
[WhiteTeamCountry "LAT"]
[BlackTeamCountry "UAE"]

1. e4 d6 2. d4 Nf6 3. Nc3 g6 4. Be3 Bg7 5. Nf3 O-O 6. Qd2 e5 7. O-O-O Nc6 8.
dxe5 dxe5 9. Qe1 Qe7 10. Bg5 Qb4 11. a3 Qc5 12. Nd5 Ng4 13. Rd2 a5 14. h3 f6
15. hxg4 fxg5 16. Nxc7 Bxg4 17. Nxa8 Bxf3 18. Rd5 Qe7 19. gxf3 Rxa8 20. Bc4 Kh8
21. Qf1 g4 22. fxg4 Qg5+ 23. Kb1 Qxg4 24. f3 Qg5 25. Rd7 b6 26. Bd5 Rc8 27. Qh3
Qh5 28. Qxh5 gxh5 29. Bxc6 Rxc6 30. Rd8+ 1-0

[Event "43. Olimpiada Batumi 2018 Femenina"]
[Site "Batumi GEO"]
[Date "2018.09.27"]
[Round "4.3"]
[White "Mariam, Essa"]
[Black "Krumina, Linda"]
[Result "0-1"]
[WhiteElo "1460"]
[BlackElo "2081"]
[PlyCount "74"]
[EventDate "2018.09.24"]
[EventType "team-swiss"]
[EventRounds "11"]
[EventCountry "GEO"]
[SourceTitle "Ajedrez en Madrid"]
[Source "lmi"]
[SourceDate "2018.09.24"]
[WhiteTeam "United Arab Emirates"]
[BlackTeam "Latvia"]
[WhiteTeamCountry "UAE"]
[BlackTeamCountry "LAT"]

1. e4 Nf6 2. e5 Nd5 3. d4 d6 4. Nf3 Bg4 5. Be2 e6 6. c4 Nb6 7. Ng5 Bxe2 8. Qxe2
Be7 9. Ne4 Nc6 10. exd6 cxd6 11. Be3 d5 12. cxd5 Nxd5 13. O-O O-O 14. Nbc3 b6
15. Rac1 Rc8 16. Rfd1 Kh8 17. Nxd5 exd5 18. Ng3 Bf6 19. Qb5 Nxd4 20. Bxd4 Rxc1
21. Rxc1 Bxd4 22. Rd1 Qf6 23. Qxd5 Bxf2+ 24. Kh1 Bxg3 25. hxg3 Qh6+ 26. Kg1
Qe3+ 27. Kh2 g6 28. Rd4 Qe7 29. Re4 Qc7 30. Rc4 Qe7 31. Re4 Qf6 32. Rf4 Qg7 33.
Qb7 f5 34. Qa6 g5 35. Ra4 f4 36. Qxa7 Qh6+ 37. Kg1 fxg3 0-1

[Event "43. Olimpiada Batumi 2018 Femenina"]
[Site "Batumi GEO"]
[Date "2018.09.27"]
[Round "4.4"]
[White "Limanovska, Elizabete"]
[Black "Rouda Essa, Alserkal"]
[Result "1-0"]
[WhiteElo "2064"]
[BlackElo "1494"]
[PlyCount "139"]
[EventDate "2018.09.24"]
[EventType "team-swiss"]
[EventRounds "11"]
[EventCountry "GEO"]
[SourceTitle "Ajedrez en Madrid"]
[Source "lmi"]
[SourceDate "2018.09.24"]
[WhiteTeam "Latvia"]
[BlackTeam "United Arab Emirates"]
[WhiteTeamCountry "LAT"]
[BlackTeamCountry "UAE"]

1. e4 c5 2. Nf3 d6 3. d4 cxd4 4. Nxd4 Nf6 5. Nc3 g6 6. Be3 Bg7 7. f3 O-O 8. Qd2
Nc6 9. Bc4 Nd7 10. h4 Nb6 11. Bb3 Na5 12. Qd3 Bd7 13. h5 Nxb3 14. axb3 Qe8 15.
hxg6 fxg6 16. O-O-O Qf7 17. Kb1 Rfc8 18. f4 Bg4 19. Rdf1 a5 20. f5 Nd7 21. fxg6
Qxg6 22. Nf5 Bxf5 23. exf5 Qf7 24. Bd4 Nc5 25. Qg3 Kh8 26. f6 Bxf6 27. Bxf6+
exf6 28. Qh4 Qg7 29. Rxf6 Rf8 30. Rxd6 Rae8 31. Rh6 Rf7 32. Rxh7+ Qxh7 33. Qd4+
Kg8 34. Rxh7 Rxh7 35. Qxc5 Rg7 36. Qxa5 Kf8 37. Qc5+ Kg8 38. Qd5+ Kf8 39. Ne4
Rxg2 40. Qf5+ Ke7 41. Qf6+ Kd7 42. Qf1 Rxe4 43. Qxg2 Re1+ 44. Ka2 Re6 45. Qxb7+
Ke8 46. Qc8+ Kf7 47. Qxe6+ Kxe6 48. b4 Kd5 49. Kb3 Kc6 50. c4 Kb6 51. Ka4 Kc6
52. b5+ Kb6 53. b4 Kc7 54. Ka5 Kb7 55. c5 Kc7 56. Ka6 Kb8 57. Kb6 Kc8 58. Ka7
Kc7 59. b6+ Kc6 60. b7 Kd5 61. b8=Q Kc4 62. Ka6 Kd5 63. Kb5 Ke4 64. Kc4 Ke3 65.
Qe5+ Kf3 66. Kd3 Kg4 67. Ke3 Kh3 68. Qg5 Kh2 69. Kf2 Kh1 70. Qg2# 1-0

[Event "43. Olimpiada Batumi 2018 Femenina"]
[Site "Batumi GEO"]
[Date "2018.09.27"]
[Round "4.1"]
[White "Frayna, Janelle Mae"]
[Black "Repkova, Eva"]
[Result "1/2-1/2"]
[WhiteElo "2287"]
[BlackElo "2288"]
[PlyCount "82"]
[EventDate "2018.09.24"]
[EventType "team-swiss"]
[EventRounds "11"]
[EventCountry "GEO"]
[SourceTitle "Ajedrez en Madrid"]
[Source "lmi"]
[SourceDate "2018.09.24"]
[WhiteTeam "Philippines"]
[BlackTeam "Slovakia"]
[WhiteTeamCountry "PHI"]
[BlackTeamCountry "SVK"]

1. c4 e6 2. g3 d5 3. Bg2 Nf6 4. Nf3 Be7 5. O-O O-O 6. d4 dxc4 7. Qc2 a6 8. a4
Nc6 9. Qxc4 Qd5 10. Nbd2 Rd8 11. e3 Qxc4 12. Nxc4 Nb4 13. Bd2 Ne4 14. Bxb4 Bxb4
15. Rfc1 Bf8 16. Nfe5 Nd6 17. Na5 f6 18. Nd3 c6 19. b4 Bd7 20. Nc5 Rab8 21.
Nxd7 Rxd7 22. Nb3 f5 23. Nc5 Re7 24. Rab1 g6 25. Bf1 Rd8 26. f4 Kf7 27. b5 axb5
28. axb5 cxb5 29. Bxb5 b6 30. Nd3 Bg7 31. Bc6 Rb8 32. Ne5+ Bxe5 33. fxe5 Nc8
34. Rc3 Na7 35. Bb5 h6 36. Ba6 b5 37. Rcb3 Rc7 38. Bxb5 Rxb5 39. Rxb5 Nxb5 40.
Rxb5 Rc1+ 41. Kg2 Rc2+ 1/2-1/2

[Event "43. Olimpiada Batumi 2018 Femenina"]
[Site "Batumi GEO"]
[Date "2018.09.27"]
[Round "4.2"]
[White "Stockova, Zuzana"]
[Black "Secopito, Catherine"]
[Result "1-0"]
[WhiteElo "2290"]
[BlackElo "2157"]
[PlyCount "55"]
[EventDate "2018.09.24"]
[EventType "team-swiss"]
[EventRounds "11"]
[EventCountry "GEO"]
[SourceTitle "Ajedrez en Madrid"]
[Source "lmi"]
[SourceDate "2018.09.24"]
[WhiteTeam "Slovakia"]
[BlackTeam "Philippines"]
[WhiteTeamCountry "SVK"]
[BlackTeamCountry "PHI"]

1. e4 e5 2. Nf3 Nf6 3. Nxe5 d6 4. Nf3 Nxe4 5. Nc3 Nxc3 6. dxc3 Be7 7. Be3 Nc6
8. Qd2 Be6 9. O-O-O Qd7 10. Kb1 O-O 11. h4 Bg4 12. Bd3 Rad8 13. Rdg1 Ne5 14.
Be2 Qa4 15. h5 c5 16. Bg5 f6 17. Qd5+ Kh8 18. Bc1 Bf5 19. b3 Qc6 20. Qd2 d5 21.
Nh4 Bc8 22. f4 Ng4 23. Bxg4 Bxg4 24. Ng6+ hxg6 25. hxg6+ Kg8 26. g3 Qe6 27. Qh2
Bh3 28. Qxh3 1-0

[Event "43. Olimpiada Batumi 2018 Femenina"]
[Site "Batumi GEO"]
[Date "2018.09.27"]
[Round "4.3"]
[White "Mendoza, Shania Mae"]
[Black "Cibickova, Zuzana"]
[Result "1-0"]
[WhiteElo "2113"]
[BlackElo "2268"]
[PlyCount "83"]
[EventDate "2018.09.24"]
[EventType "team-swiss"]
[EventRounds "11"]
[EventCountry "GEO"]
[SourceTitle "Ajedrez en Madrid"]
[Source "lmi"]
[SourceDate "2018.09.24"]
[WhiteTeam "Philippines"]
[BlackTeam "Slovakia"]
[WhiteTeamCountry "PHI"]
[BlackTeamCountry "SVK"]

1. e4 e5 2. Nf3 Nc6 3. Bc4 Bc5 4. c3 Nf6 5. d3 a6 6. O-O Ba7 7. h3 O-O 8. Re1
d6 9. Bb3 h6 10. Nbd2 Nh5 11. Nf1 Qf6 12. Be3 Nf4 13. Ng3 Bxe3 14. fxe3 Ng6 15.
Rf1 Qd8 16. d4 Na5 17. Rf2 Nxb3 18. Qxb3 Rb8 19. Raf1 Be6 20. d5 Bd7 21. Nf5
Kh7 22. Qc2 Ne7 23. Nxe7 Qxe7 24. Nh2 Kg8 25. c4 a5 26. a4 c5 27. b3 b6 28. Rf3
Qh4 29. g4 Rbd8 30. Qg2 Bc8 31. Rg3 Qg5 32. Qf2 Qe7 33. Rf3 g6 34. Rf6 Kg7 35.
Qh4 Rde8 36. R1f3 Rh8 37. Nf1 Bf5 38. R3xf5 gxf5 39. Ng3 Qd8 40. Nxf5+ Kf8 41.
Nxd6 Re7 42. Rxf7+ 1-0

[Event "43. Olimpiada Batumi 2018 Femenina"]
[Site "Batumi GEO"]
[Date "2018.09.27"]
[Round "4.4"]
[White "Ferkova, Dominika"]
[Black "San Diego, Marie Antoinette"]
[Result "0-1"]
[WhiteElo "2060"]
[BlackElo "2102"]
[PlyCount "102"]
[EventDate "2018.09.24"]
[EventType "team-swiss"]
[EventRounds "11"]
[EventCountry "GEO"]
[SourceTitle "Ajedrez en Madrid"]
[Source "lmi"]
[SourceDate "2018.09.24"]
[WhiteTeam "Slovakia"]
[BlackTeam "Philippines"]
[WhiteTeamCountry "SVK"]
[BlackTeamCountry "PHI"]

1. d4 Nf6 2. c4 e6 3. Nc3 Bb4 4. e3 c5 5. Bd3 Nc6 6. Nge2 b6 7. O-O Bxc3 8.
bxc3 d6 9. Ng3 O-O 10. Bb2 Ba6 11. e4 Rc8 12. f4 cxd4 13. cxd4 Nb4 14. Be2 Bxc4
15. Bxc4 Rxc4 16. Qb3 d5 17. Rac1 Nc6 18. e5 Na5 19. Qf3 Ne4 20. Nxe4 dxe4 21.
Qxe4 Qd5 22. Qxd5 exd5 23. Rxc4 Nxc4 24. Bc1 f5 25. Kf2 Kf7 26. Ke2 Ke6 27. h3
b5 28. g4 a5 29. Rg1 g6 30. g5 Rc8 31. Rg3 Nxe5 32. Ba3 Nc4 33. Bc5 Kd7 34. Rb3
Re8+ 35. Kf2 Kc6 36. a3 Re4 37. Rf3 Re8 38. Rd3 Rb8 39. Rb3 Nd2 40. Rb2 Ne4+
41. Kf3 Nxc5 42. Rc2 b4 43. Rxc5+ Kd6 44. axb4 axb4 45. Rc2 b3 46. Rb2 Rb4 47.
Ke3 Kc6 48. Kd3 Kb5 49. Rb1 b2 50. Kc3 Ka4 51. Kd3 Kb3 0-1

[Event "43. Olimpiada Batumi 2018 Femenina"]
[Site "Batumi GEO"]
[Date "2018.09.27"]
[Round "4.1"]
[White "Narva, Mai"]
[Black "Shamima, Akter"]
[Result "1-0"]
[WhiteElo "2320"]
[BlackElo "2152"]
[PlyCount "93"]
[EventDate "2018.09.24"]
[EventType "team-swiss"]
[EventRounds "11"]
[EventCountry "GEO"]
[SourceTitle "Ajedrez en Madrid"]
[Source "lmi"]
[SourceDate "2018.09.24"]
[WhiteTeam "Estonia"]
[BlackTeam "Bangladesh"]
[WhiteTeamCountry "EST"]
[BlackTeamCountry "BAN"]

1. e4 c5 2. Nc3 e6 3. g3 Nc6 4. Bg2 g6 5. d3 Bg7 6. Nge2 Nge7 7. O-O O-O 8. Bg5
Rb8 9. Qd2 Re8 10. Bh6 Bh8 11. f4 d5 12. f5 dxe4 13. fxg6 hxg6 14. Nxe4 Nd4 15.
Nxd4 Bxd4+ 16. Kh1 f5 17. Qf4 Bd7 18. Nd6 Bc6 19. Bxc6 Nxc6 20. Nxe8 Qd5+ 21.
Qf3 Qxf3+ 22. Rxf3 Rxe8 23. c3 Bf6 24. Bf4 b6 25. h4 Kf7 26. Re1 e5 27. Bc1 b5
28. Kg2 c4 29. h5 Rd8 30. hxg6+ Kxg6 31. dxc4 bxc4 32. Ref1 Ne7 33. Be3 Rd5 34.
R3f2 Ra5 35. a3 Nd5 36. Bc1 e4 37. Rxf5 Ne3+ 38. Bxe3 Rxf5 39. Rxf5 Kxf5 40.
Bxa7 Bg5 41. Bd4 Ke6 42. a4 Kd7 43. a5 Bc1 44. a6 Kc7 45. g4 Kc6 46. Bf6 Kb6
47. g5 1-0

[Event "43. Olimpiada Batumi 2018 Femenina"]
[Site "Batumi GEO"]
[Date "2018.09.27"]
[Round "4.2"]
[White "Parveen, Tanima"]
[Black "Olde, Margareth"]
[Result "0-1"]
[WhiteElo "2022"]
[BlackElo "2158"]
[PlyCount "98"]
[EventDate "2018.09.24"]
[EventType "team-swiss"]
[EventRounds "11"]
[EventCountry "GEO"]
[SourceTitle "Ajedrez en Madrid"]
[Source "lmi"]
[SourceDate "2018.09.24"]
[WhiteTeam "Bangladesh"]
[BlackTeam "Estonia"]
[WhiteTeamCountry "BAN"]
[BlackTeamCountry "EST"]

1. e4 c5 2. c3 Nf6 3. e5 Nd5 4. d4 cxd4 5. Nf3 Nc6 6. cxd4 d6 7. exd6 Qxd6 8.
Nc3 g6 9. Bc4 Nb6 10. Be2 Be6 11. O-O Bg7 12. Be3 O-O 13. Ne4 Qc7 14. Qc1 Rad8
15. Rd1 Bd5 16. Ned2 Qb8 17. Qc3 Rc8 18. Qa3 Rfd8 19. b3 Be6 20. Rac1 Nd5 21.
Nf1 Nf4 22. Bxf4 Qxf4 23. Ne3 Bxd4 24. Nxd4 Nxd4 25. Bf1 Nc6 26. g3 Qf6 27. Bg2
Rxd1+ 28. Rxd1 a6 29. Rc1 Kg7 30. Bxc6 Rxc6 31. Rxc6 bxc6 32. Qxa6 Qa1+ 33. Kg2
Bxb3 34. Qxc6 Qxa2 35. Qc3+ f6 36. Qc6 Kf7 37. Qb7 Be6 38. Qc6 h5 39. Qe4 Qb3
40. Qa8 Qd3 41. Qf3 Qb3 42. Qa8 Bd7 43. Nd5 Qb5 44. Nc3 Bc6+ 45. Kg1 Qc5 46.
Qa2+ Kg7 47. Qd2 Qf5 48. Qe3 Kf7 49. Ne2 Qd5 0-1

[Event "43. Olimpiada Batumi 2018 Femenina"]
[Site "Batumi GEO"]
[Date "2018.09.27"]
[Round "4.3"]
[White "Tsiganova, Monika"]
[Black "Sultana, Sharmin Shirin"]
[Result "1/2-1/2"]
[WhiteElo "2102"]
[BlackElo "1974"]
[PlyCount "158"]
[EventDate "2018.09.24"]
[EventType "team-swiss"]
[EventRounds "11"]
[EventCountry "GEO"]
[SourceTitle "Ajedrez en Madrid"]
[Source "lmi"]
[SourceDate "2018.09.24"]
[WhiteTeam "Estonia"]
[BlackTeam "Bangladesh"]
[WhiteTeamCountry "EST"]
[BlackTeamCountry "BAN"]

1. d4 d5 2. c4 c6 3. Nf3 Nf6 4. Qc2 g6 5. Bf4 Bg7 6. e3 Bf5 7. Qb3 Qa5+ 8. Nc3
O-O 9. Qxb7 Nbd7 10. Qxc6 a6 11. Qa4 Qd8 12. c5 Nh5 13. Be2 Nxf4 14. exf4 Nxc5
15. dxc5 d4 16. O-O dxc3 17. bxc3 Bxc3 18. Rac1 Bf6 19. Ne5 Qc7 20. Bf3 Rab8
21. Rfe1 Rb5 22. Qxa6 Rxc5 23. Rxc5 Qxc5 24. h3 Qb4 25. Qe2 Qxf4 26. Nc6 Be6
27. Qc2 Bxh3 28. Nxe7+ Bxe7 29. Rxe7 Be6 30. Rc7 Rd8 31. a4 Bb3 32. Qc3 Qxa4
33. Rc8 Rxc8 34. Qxc8+ Kg7 35. Qc3+ Kg8 36. Qc8+ Kg7 37. Qc3+ f6 38. Qc7+ Bf7
39. g4 Qd4 40. Kg2 Qc4 41. Qxc4 Bxc4 42. Kg3 Bd3 43. Bd1 g5 44. f4 h6 45. fxg5
hxg5 46. Ba4 Kf7 47. Bc6 Ke6 48. Bb7 Ke5 49. Bc6 Be4 50. Bd7 Bd5 51. Bc8 Be6
52. Bb7 Kd4 53. Bc6 Bc8 54. Bb5 Ke3 55. Bc6 Be6 56. Bb7 Bc4 57. Bc6 Bd3 58. Bd7
Be4 59. Be6 Kd4 60. Bd7 Kd5 61. Bb5 Ke5 62. Bd7 Kd6 63. Bb5 Bd5 64. Bd3 Ke5 65.
Bb5 Kd4 66. Bd7 Be4 67. Bc8 Ke5 68. Bd7 Bd3 69. Bc6 f5 70. gxf5 Bxf5 71. Bb7
Kd4 72. Bc6 Bc8 73. Bb5 Ke3 74. Bc6 Be6 75. Bb5 Bc8 76. Bc6 Be6 77. Bb5 Bc8 78.
Bc6 Be6 79. Bb5 Bc8 1/2-1/2

[Event "43. Olimpiada Batumi 2018 Femenina"]
[Site "Batumi GEO"]
[Date "2018.09.27"]
[Round "4.4"]
[White "Hamid, Rani"]
[Black "Narva, Triin"]
[Result "0-1"]
[WhiteElo "1909"]
[BlackElo "2113"]
[PlyCount "112"]
[EventDate "2018.09.24"]
[EventType "team-swiss"]
[EventRounds "11"]
[EventCountry "GEO"]
[SourceTitle "Ajedrez en Madrid"]
[Source "lmi"]
[SourceDate "2018.09.24"]
[WhiteTeam "Bangladesh"]
[BlackTeam "Estonia"]
[WhiteTeamCountry "BAN"]
[BlackTeamCountry "EST"]

1. e4 c5 2. Nf3 g6 3. d4 cxd4 4. Nxd4 Bg7 5. Nc3 Nc6 6. Be3 d6 7. Be2 Nf6 8.
O-O O-O 9. Nb3 Be6 10. f4 Qc8 11. Kh1 Rd8 12. Qd2 d5 13. e5 Ne4 14. Nxe4 dxe4
15. Qe1 f6 16. exf6 exf6 17. c3 f5 18. Qh4 Qc7 19. h3 b6 20. g4 Rd6 21. Rad1
Rad8 22. Rxd6 Rxd6 23. Rg1 Qd8 24. Qf2 Ne7 25. Nd4 Bd7 26. Kh2 Qc8 27. Nc2 Nc6
28. g5 Be6 29. Ra1 Na5 30. Bd4 Bc4 31. Bxg7 Kxg7 32. Nd4 Bxe2 33. Qxe2 Qc4 34.
Qe3 Nc6 35. b3 Qc5 36. Rd1 Kf7 37. Rd2 Nxd4 38. cxd4 Qd5 39. Kg3 Rc6 40. Rb2 b5
41. a3 a5 42. Kf2 b4 43. axb4 axb4 44. Ra2 Rc3 45. Qe2 Qxd4+ 46. Kg2 Qd3 47.
Ra7+ Ke6 48. Ra6+ Kd5 49. Ra5+ Kc6 50. Ra6+ Kb5 51. Qxd3+ exd3 52. Rd6 Rxb3 53.
h4 Kc4 54. Kf2 Kc3 55. Ke3 Kc2 56. Rd4 Rc3 0-1